[Event "World Senior Teams +65"]
[Site "Radebeul GER"]
[Date "2016.07.04"]
[Round "9.20"]
[Board "4"]
[White "Scowen, Roger S"]
[Black "Thalheim, Peter"]
[Result "1/2-1/2"]
[WhiteElo "1849"]
[BlackElo "1827"]
[WhiteTeam "England 3"]
[BlackTeam "SV Dresden-Striesen 1990 e.V."]
[WhiteFideId "418293"]
[BlackFideId "12958220"]
[EventDate "2016.06.26"]

1. e4 e6 2. d4 d5 3. e5 c5 4. c3 Nc6 5. Bb5 Bd7 6. Bxc6 Bxc6 7. Ne2 Qb6 8. O-O
cxd4 9. cxd4 Ne7 10. Nd2 Nf5 11. Nf3 Be7 12. b3 Bb5 13. Bb2 Rc8 14. Qd2 a5 15.
Rfc1 O-O 16. Bc3 Bxe2 17. Qxe2 Rc6 18. Bb2 Rfc8 19. Rxc6 Rxc6 20. Rc1 Rxc1+ 21.
Bxc1 Nxd4 22. Nxd4 Qxd4 23. Bb2 Qb4 24. Kf1 Qc5 25. Qd2 Qb5+ 26. Qe2 Qxe2+ 27.
Kxe2 f6 28. Kd3 Kf7 29. f3 fxe5 30. Bxe5 Bc5 31. Bc7 b6 32. a4 h5 33. g4 Kg6 34.
Bf4 hxg4 35. fxg4 Kf6 36. h4 e5 37. Bg5+ Ke6 38. h5 e4+ 39. Ke2 d4 40. Bd8 Kd7
41. Bh4 d3+ 42. Kd2 Bd4 43. g5 Ke6 44. h6 gxh6 45. gxh6 Kf5 46. h7 Kg6 47. Bf2
Be5 48. Bxb6 Bf4+ 49. Kd1 Kxh7 50. Bxa5 Kg6 51. Bc3 Be3 52. a5 Kf5 53. b4 Ke6
54. a6 Kd6 55. Bd2 Bb6 56. Bf4+ Kc6 57. Bb8 Kb5 58. a7 Bxa7 59. Bxa7 Kxb4 1/2-1/2

[Event "World Senior Teams +65"]
[Site "Radebeul GER"]
[Date "2016.07.04"]
[Round "9.21"]
[Board "1"]
[White "Pamperin, Gerhard"]
[Black "Lomer, Edmund"]
[Result "1/2-1/2"]
[WhiteElo "1936"]
[BlackElo "2043"]
[WhiteTeam "Rochade MV"]
[BlackTeam "Randbauern"]
[WhiteFideId "24651354"]
[BlackFideId "4664884"]
[EventDate "2016.06.26"]

1. d4 Nf6 2. Nf3 d5 3. e3 c6 4. c4 g6 5. Nc3 Bg7 6. cxd5 Nxd5 7. Be2 O-O 8. O-O
Re8 9. Bd2 Nb6 10. Rc1 Be6 11. b3 Nd5 12. Ne4 Bg4 13. Nc5 Bc8 14. h3 Nd7 15. Nd3
N7f6 16. Rc2 Ne4 17. Be1 a5 18. Nc5 Nxc5 19. Rxc5 Bf5 20. Bd2 Nf6 21. Qe1 1/2-1/2

[Event "World Senior Teams +65"]
[Site "Radebeul GER"]
[Date "2016.07.04"]
[Round "9.21"]
[Board "3"]
[White "Schroeter, Reinhard"]
[Black "Wenske, Hardy"]
[Result "1/2-1/2"]
[WhiteElo "1801"]
[BlackElo "1823"]
[WhiteTeam "Rochade MV"]
[BlackTeam "Randbauern"]
[WhiteFideId "12993530"]
[BlackFideId "24611212"]
[EventDate "2016.06.26"]

1. d4 d5 2. Nf3 Nf6 3. c4 c6 4. Nc3 a6 5. c5 Nbd7 6. Bg5 h6 7. Bh4 Qa5 8. Nd2
Ne4 9. Ndxe4 dxe4 10. Qd2 e5 11. e3 Be7 12. Bxe7 Kxe7 13. Nxe4 Qxd2+ 14. Kxd2
exd4 15. exd4 b6 1/2-1/2

[Event "World Senior Teams +65"]
[Site "Radebeul GER"]
[Date "2016.07.04"]
[Round "9.21"]
[Board "4"]
[White "Briesemeister, Klaus"]
[Black "Kundt, Guenther"]
[Result "1/2-1/2"]
[WhiteElo "1756"]
[BlackElo "1717"]
[WhiteTeam "Randbauern"]
[BlackTeam "Rochade MV"]
[WhiteFideId "24631035"]
[BlackFideId "12975346"]
[EventDate "2016.06.26"]

1. d4 d5 2. c4 e6 3. Nc3 Nf6 4. Bg5 Be7 5. e3 O-O 6. Bd3 h6 7. Bh4 b6 8. Nf3
dxc4 9. Bxc4 Bb7 10. O-O Nd5 11. Bg3 Nxc3 12. bxc3 Bd6 1/2-1/2

[Event "World Senior Teams +65"]
[Site "Radebeul GER"]
[Date "2016.07.04"]
[Round "9.22"]
[Board "1"]
[White "Taksrud, Vidar"]
[Black "Rychlik, Kurt"]
[Result "1/2-1/2"]
[WhiteElo "1979"]
[BlackElo "2023"]
[WhiteTeam "Norway 3"]
[BlackTeam "Surprise"]
[WhiteFideId "1502158"]
[BlackFideId "4694120"]
[EventDate "2016.06.26"]

1. d4 g6 2. Nf3 Bg7 3. g3 d6 4. Bg2 Nd7 5. c3 e5 6. dxe5 dxe5 7. Bg5 Ne7 8. Na3
h6 9. Be3 Nf5 10. Nc4 O-O 11. Qd2 Qe7 12. O-O Re8 13. Rfd1 a5 14. a4 Ra6 15.
Rac1 Nxe3 16. Qxe3 Nc5 17. Rd5 Nxa4 18. Nfxe5 Nb6 19. Nxb6 Rxb6 20. Nc4 Re6 21.
Qd3 Rxe2 22. Bf1 Re4 23. Rxa5 Bf5 24. Ne3 Qg5 25. Nxf5 Qxc1 26. Ne3 Qxb2 27. Nd5
c6 28. Nc7 Qxc3 29. Nxe8 Rxe8 30. Qd7 Qxa5 31. Qxe8+ Bf8 32. Bc4 Qf5 33. Ba2 Kg7
34. Kg2 Bc5 35. Qe2 Bd4 36. f3 b5 37. g4 Qe5 38. Kf1 g5 39. Bb1 Qxe2+ 40. Kxe2
Kf6 41. Be4 c5 42. Bc6 b4 43. Bd5 Ke7 44. Kd3 f6 45. Bb3 Kd6 46. Ke4 Kc6 47.
Ba4+ Kb6 48. Kd5 Ka5 49. Bd1 Kb5 50. Bb3 Be5 51. h3 c4 52. Bxc4+ Ka4 53. Ke4 b3
54. Kf5 Kb4 55. Bd5 b2 56. Be4 Kc3 57. Kg6 Kd2 58. Kxh6 Kc1 59. Kh5 b1=Q 60.
Bxb1 Kxb1 61. h4 gxh4 62. Kxh4 Bf4 63. Kh5 Kc2 64. Kg6 Bg5 65. f4 Bxf4 66. Kxf6 1/2-1/2

[Event "World Senior Teams +65"]
[Site "Radebeul GER"]
[Date "2016.07.04"]
[Round "9.22"]
[Board "2"]
[White "Ophoff, Rigobert"]
[Black "Nordby, Bernt"]
[Result "1/2-1/2"]
[WhiteElo "1981"]
[BlackElo "2017"]
[WhiteTeam "Surprise"]
[BlackTeam "Norway 3"]
[WhiteFideId "4679750"]
[BlackFideId "1500694"]
[EventDate "2016.06.26"]

1. d4 Nf6 2. Nf3 g6 3. g3 Bg7 4. Bg2 O-O 5. O-O d6 6. c4 Nc6 7. Nc3 Rb8 8. e4
Bg4 9. Be3 Nd7 10. h3 Bxf3 11. Bxf3 e5 12. d5 Nd4 13. Bg2 c5 14. dxc6 bxc6 15.
b3 Qc8 16. Ne2 c5 17. Nc3 1/2-1/2

[Event "World Senior Teams +65"]
[Site "Radebeul GER"]
[Date "2016.07.04"]
[Round "9.22"]
[Board "3"]
[White "Zakariassen, Tom"]
[Black "Wittkugel, Friedhelm"]
[Result "1/2-1/2"]
[WhiteElo "1797"]
[BlackElo "1993"]
[WhiteTeam "Norway 3"]
[BlackTeam "Surprise"]
[WhiteFideId "1513753"]
[BlackFideId "24606162"]
[EventDate "2016.06.26"]

1. f4 d5 2. Nf3 g6 3. e3 Bg7 4. d4 Nf6 5. Bd3 O-O 6. O-O c5 7. c3 Qc7 8. Nbd2 b6
9. Qe2 Bb7 10. b3 Nbd7 11. Bb2 Ne4 12. Rac1 e6 13. Ne5 Nxd2 14. Qxd2 Nf6 15. Qe2
Qd6 16. Ng4 a6 17. Nxf6+ Bxf6 18. g4 Rfe8 19. g5 Bg7 20. h4 c4 21. Bb1 cxb3 22.
axb3 a5 23. Rf3 a4 24. b4 a3 25. Ba1 Ba6 26. Bd3 Bxd3 27. Qxd3 Qc6 28. Rf2 Bf8
29. Rfc2 b5 30. Kf2 Rec8 31. Kf3 Qc4 32. Qxc4 Rxc4 33. Ke2 Kg7 34. Kd3 h6 35.
Rg1 Bd6 36. Rh1 Rcc8 37. Rch2 Rh8 38. Kc2 hxg5 39. hxg5 Rxh2+ 40. Rxh2 Be7 41.
Kb3 f6 42. gxf6+ Bxf6 43. e4 Rh8 44. Rxh8 Kxh8 45. Kxa3 Kh7 46. exd5 exd5 47.
Kb3 Kh6 48. Kc2 Kh5 49. Bb2 Be7 50. Bc1 Kg4 51. Kd3 Bd6 52. c4 dxc4+ 53. Ke4
Bxb4 54. d5 Bd6 55. Kd4 Kf5 56. Bd2 Kg4 57. Ke4 b4 58. Kd4 c3 59. Bc1 Kf3 60.
Kd3 Kf2 1/2-1/2

[Event "World Senior Teams +65"]
[Site "Radebeul GER"]
[Date "2016.07.04"]
[Round "9.22"]
[Board "4"]
[White "Perk, Egbert"]
[Black "Tveten, Per"]
[Result "0-1"]
[WhiteElo "1949"]
[BlackElo "1537"]
[WhiteTeam "Surprise"]
[BlackTeam "Norway 3"]
[WhiteFideId "4645944"]
[BlackFideId "1516701"]
[EventDate "2016.06.26"]

1. Nf3 Nc6 2. d4 d5 3. c4 e6 4. Nc3 Bb4 5. e3 Nge7 6. a3 Bxc3+ 7. bxc3 O-O 8.
Bd3 f5 9. O-O a6 10. a4 Na5 11. Ne5 Nac6 12. Nxc6 bxc6 13. cxd5 cxd5 14. Ba3 Rf7
15. Qe2 Qd7 16. Bb4 Nc6 17. f4 Nxb4 18. cxb4 c6 19. Qd2 Qb7 20. Rfc1 Rc7 21. Qc3
Bd7 22. Qc5 Be8 23. Rab1 Ra7 24. Rc2 a5 25. Rcb2 axb4 26. Rxb4 Qc8 27. Rb8 Qd7
28. a5 Rcb7 29. R8xb7 Rxb7 30. Rxb7 Qxb7 31. Qb6 Qe7 32. a6 Qa3 33. Qb1 c5 34.
dxc5 Qxc5 35. Kf2 d4 36. exd4 Qxd4+ 37. Kg3 Qe3+ 38. Kh4 Qxf4+ 0-1

[Event "World Senior Teams +65"]
[Site "Radebeul GER"]
[Date "2016.07.04"]
[Round "9.23"]
[Board "1"]
[White "Ritter, Fred"]
[Black "Kempe, Rainer"]
[Result "0-1"]
[WhiteElo "1844"]
[BlackElo "2006"]
[WhiteTeam "BSV Chemie Radebeul"]
[BlackTeam "Stiftung BSW / DBAG III"]
[WhiteFideId "12975427"]
[BlackFideId "12975206"]
[EventDate "2016.06.26"]

1. e4 c5 2. Nf3 e6 3. c3 Nf6 4. Qc2 Nc6 5. Bc4 d5 6. exd5 exd5 7. Bb5 Bg4 8. Ne5
Qe7 9. d4 Nd7 10. Bxc6 bxc6 11. O-O Nxe5 12. dxe5 Qxe5 13. Qa4 Bd7 14. Bf4 Qf6
15. Re1+ Be7 16. Nd2 O-O 17. Nf3 h6 18. Ne5 Rfd8 19. Nxd7 Rxd7 20. Be5 Qg6 21.
Re3 Bf8 22. Rae1 Re8 23. f4 Rde7 24. Rg3 Qe6 25. Ree3 Qd7 26. Ref3 Re6 27. Qa5
f6 28. Qc7 Qxc7 29. Bxc7 c4 30. h3 Re1+ 31. Kh2 Rb1 32. Rf2 Bc5 33. Rd2 Bg1+ 0-1

[Event "World Senior Teams +65"]
[Site "Radebeul GER"]
[Date "2016.07.04"]
[Round "9.23"]
[Board "2"]
[White "Ehlert, Joachim"]
[Black "Werner, Helmut"]
[Result "1-0"]
[WhiteElo "2007"]
[BlackElo "1913"]
[WhiteTeam "Stiftung BSW / DBAG III"]
[BlackTeam "BSV Chemie Radebeul"]
[WhiteFideId "4698363"]
[BlackFideId "16203348"]
[EventDate "2016.06.26"]

1. e4 Nf6 2. e5 Nd5 3. d4 d6 4. exd6 exd6 5. Nf3 Be7 6. Bd3 O-O 7. h3 c6 8. O-O
Nb6 9. c3 d5 10. Qc2 h6 11. a4 N6d7 12. Bf4 Nf6 13. Nbd2 Bd6 14. Ne5 Nh5 15. Bh2
Nd7 16. Bh7+ Kh8 17. Nxf7+ Rxf7 18. Bxd6 Rf6 19. Bh2 Nf8 20. Bd3 Nf4 21. Bxf4
Rxf4 22. Rae1 Qg5 23. Re3 Bf5 24. Bxf5 Qxf5 25. Qxf5 Rxf5 26. Re7 Rb8 27. Rfe1
Kg8 28. Nf3 Rf7 29. Nh4 g5 30. Rxf7 Kxf7 31. Nf5 Kg6 32. g4 Rd8 33. Kg2 h5 34.
f3 hxg4 35. hxg4 Rd7 36. Kg3 a5 37. b4 axb4 38. cxb4 Kf6 39. a5 Ne6 40. Rh1 Nf4
41. Rh6+ Kf7 42. Kf2 Ne6 43. Ke3 Nf4 44. Kd2 Ne6 45. Kc3 Nf4 46. Kb3 Ne6 47. Ka4
Ng7 48. b5 Nxf5 49. gxf5 Kg7 50. Rg6+ Kf7 51. bxc6 1-0

[Event "World Senior Teams +65"]
[Site "Radebeul GER"]
[Date "2016.07.04"]
[Round "9.23"]
[Board "3"]
[White "Fitzner, Hans"]
[Black "Francke, Dirk"]
[Result "0-1"]
[WhiteElo "1356"]
[BlackElo "1952"]
[WhiteTeam "BSV Chemie Radebeul"]
[BlackTeam "Stiftung BSW / DBAG III"]
[WhiteFideId "12998575"]
[BlackFideId "12975320"]
[EventDate "2016.06.26"]

1. d4 d5 2. c4 c6 3. a4 Nf6 4. Nc3 e6 5. Bd2 Bd6 6. Nf3 Nbd7 7. e3 Qe7 8. c5 Bc7
9. Be2 e5 10. dxe5 Nxe5 11. b4 a5 12. Qb3 axb4 13. Qxb4 Nxf3+ 14. Bxf3 Ba5 15.
Qd4 O-O 16. O-O Bf5 17. Rac1 Rfe8 18. Ne2 Bxd2 19. Qxd2 Rxa4 20. Rfe1 Rea8 21.
Nd4 Bc8 22. h3 R8a5 23. Nb3 Rb5 24. Qd1 Ra3 25. Rc3 Ne4 26. Bxe4 Qxe4 27. f3 Qb4
28. e4 Qxc3 29. exd5 g6 30. Re8+ Kg7 31. Nd4 Ra1 32. Rxc8 Rxd1+ 33. Kh2 Qxd4 0-1

[Event "World Senior Teams +65"]
[Site "Radebeul GER"]
[Date "2016.07.04"]
[Round "9.24"]
[Board "2"]
[White "Chaabani, Abdelkader"]
[Black "Roos, Hans-Goerg"]
[Result "1/2-1/2"]
[WhiteElo "1728"]
[BlackElo "1948"]
[WhiteTeam "Tunisia"]
[BlackTeam "Saxone"]
[WhiteFideId "5501989"]
[BlackFideId "4689496"]
[EventDate "2016.06.26"]

1. d4 Nf6 2. c4 g6 3. Nc3 Bg7 4. Nf3 O-O 5. e4 d6 6. Be2 e5 7. d5 a5 8. O-O Na6
9. Qc2 Nc5 10. Bg5 h6 11. Be3 b6 12. Nd2 Bd7 13. b3 Nh7 14. f3 f5 15. a3 f4 16.
Bf2 g5 17. b4 axb4 18. axb4 Na6 19. Qb3 Bc8 20. Ra2 Bb7 21. Rfa1 Qc8 22. Nb5 Nf6
23. Qc3 Ne8 24. c5 bxc5 25. bxc5 dxc5 26. Bxc5 Rf7 27. Na7 Rxa7 28. Bxa7 Nb8 29.
Bc4 Nd6 30. Bxb8 Qxb8 31. Rb1 Qc8 32. Bb5 g4 33. fxg4 Qxg4 34. Qf3 Qg6 35. Be2
Bc8 36. Rb8 Kh7 37. Raa8 Bd7 38. Qh5 Qf6 39. Bg4 Bxg4 40. Qxg4 Re7 41. h4 Nf7
42. h5 Ng5 43. Qc8 Qf7 44. Qg8+ Qxg8 45. Rxg8 Nf7 46. Rge8 Rd7 47. Re6 Nd8 48.
Rea6 Nf7 49. R8a7 Bf8 50. Nc4 Bc5+ 1/2-1/2

[Event "World Senior Teams +65"]
[Site "Radebeul GER"]
[Date "2016.07.04"]
[Round "9.24"]
[Board "3"]
[White "Stavenhagen, Johannes"]
[Black "Aroua, Ahmed"]
[Result "1-0"]
[WhiteElo "1914"]
[BlackElo "1516"]
[WhiteTeam "Saxone"]
[BlackTeam "Tunisia"]
[WhiteFideId "24615706"]
[BlackFideId "5502497"]
[EventDate "2016.06.26"]

1. d4 Nf6 2. c4 g6 3. Nc3 Bg7 4. e4 d6 5. Be2 O-O 6. Bg5 Nc6 7. Nf3 h6 8. Bh4
Nd7 9. h3 g5 10. Bg3 e5 11. dxe5 Ndxe5 12. Nxe5 Nxe5 13. O-O f5 14. f3 f4 15.
Bf2 c6 16. Qa4 Be6 17. Rfd1 Qe7 18. Rac1 h5 19. Qa3 Rfd8 20. Qb4 g4 21. hxg4
hxg4 22. Kf1 g3 23. Bg1 c5 24. Qa4 Qf7 25. Nd5 Ng6 26. Qc2 Bh3 27. gxh3 Qe6 28.
Ke1 g2 29. Nc7 Qxh3 30. Nxa8 Qg3+ 31. Kd2 Rxa8 32. Qb3 b6 33. Kc2 Be5 34. Qa4
Qh3 35. Qc6 Rc8 36. Qd5+ Kf8 37. Qb7 Ne7 38. a3 Nc6 39. Qa6 Nd4+ 40. Bxd4 Bxd4
41. Qxa7 Qh2 42. Qd7 Re8 43. Qxd6+ Re7 44. Rxd4 cxd4 45. Qxd4 g1=Q 46. Rxg1
Qxe2+ 47. Kb1 Qe3 48. Qf6+ 1-0

[Event "World Senior Teams +65"]
[Site "Radebeul GER"]
[Date "2016.07.04"]
[Round "9.25"]
[Board "3"]
[White "Gafke, Manfred"]
[Black "Hellwege, Werner"]
[Result "1-0"]
[WhiteElo "1816"]
[BlackElo "1895"]
[WhiteTeam "Dresdner Seniorenklub"]
[BlackTeam "Freibauer Niedersachsen"]
[WhiteFideId "24602493"]
[BlackFideId "4661460"]
[EventDate "2016.06.26"]

1. d4 Nf6 2. Bf4 g6 3. e3 Bg7 4. Nf3 O-O 5. Nbd2 d6 6. Be2 b6 7. O-O Bb7 8. h3
Nbd7 9. c3 Re8 10. Qc2 e5 11. dxe5 dxe5 12. Bg5 e4 13. Nd4 a6 14. Rfd1 c5 15.
N4b3 Qc8 16. Nc4 Bf8 17. Bxf6 Nxf6 18. Nxb6 Qc6 19. Nxa8 Bxa8 20. Rd2 Nd5 21.
Rad1 Re5 22. Bc4 Qe6 23. Nc1 Qf5 24. Qb3 Nf6 1-0

[Event "World Senior Teams +65"]
[Site "Radebeul GER"]
[Date "2016.07.04"]
[Round "9.25"]
[Board "4"]
[White "Nagorni, Walter"]
[Black "Neffe, Guenther"]
[Result "1/2-1/2"]
[WhiteElo "1982"]
[BlackElo "1606"]
[WhiteTeam "Freibauer Niedersachsen"]
[BlackTeam "Dresdner Seniorenklub"]
[WhiteFideId "4666593"]
[BlackFideId "12903388"]
[EventDate "2016.06.26"]

1. Nf3 Nf6 2. d4 d5 3. g3 g6 4. Bg2 Bg7 5. O-O h6 6. c4 c6 7. Nc3 e6 8. Qb3 O-O
9. Rd1 Nbd7 10. h3 Re8 11. Qc2 dxc4 12. e4 b5 13. a3 Bb7 14. Be3 Qc7 15. Rac1 a5
16. Na2 Nb6 17. Bf4 Qe7 18. Be3 Qc7 19. Nc3 Rad8 20. Nd2 Nh7 21. b3 Bxd4 22.
Bxd4 Rxd4 23. bxc4 Nxc4 24. Nxc4 Rxd1+ 25. Nxd1 bxc4 26. Qxc4 Rd8 27. Ne3 Nf6 1/2-1/2